Statistics for NBA Year in Review: 2008–09

Click here to take the quiz!

General Stats

  • This quiz has been taken 24 times
  • The average score is 10 of 15

Answer Stats

HintAnswer% Correct
Finals MVPKobe Bryant
100%
All-Star Game MVPKobe Bryant
100%
Most Valuable PlayerLeBron James
100%
Triple-Doubles LeaderLeBron James
100%
Defensive Player of the YearDwight Howard
86%
Rebounds Per Game LeaderDwight Howard
86%
Blocks Per Game LeaderDwight Howard
86%
Assists Per Game LeaderChris Paul
71%
Steals Per Game LeaderChris Paul
71%
All-Star Game MVPShaquille O'Neal
71%
Points Per Game LeaderDwyane Wade
67%
Rookie of the YearDerrick Rose
62%
Coach of the YearMike Brown
29%
Sixth Man of the YearJason Terry
10%
Most Improved PlayerDanny Granger
5%

Score Distribution

Percentile by Number Answered

Percent of People with Each Score

Your Score History

You have not taken this quiz